Lataa...
Kahani kal aur Aaj
| Päätekijä: | |
|---|---|
| Aineistotyyppi: | Printed Book |
| Kieli: | Undetermined |
| Julkaistu: |
Allahabad :
Lokbharati Prakashan,
|
| Aiheet: |
| LEADER | 00414nam a2200133Ia 4500 | ||
|---|---|---|---|
| 008 | 200324s9999 xx 000 0 und d | ||
| 082 | |a 8H3 |b JAY-K | ||
| 100 | |a Jayamohan M.S | ||
| 245 | 0 | |a Kahani kal aur Aaj | |
| 260 | |a Allahabad : |b Lokbharati Prakashan, | ||
| 650 | |a novel | ||
| 942 | |c BK | ||
| 999 | |c 289579 |d 289579 | ||
| 952 | |0 0 |1 0 |4 0 |6 8H3_JAYK |7 0 |9 308113 |a SDE |b SDE |d 2019-03-22 |l 0 |o 8H3 JAY-K |p SDE26031 |r 2020-03-27 |w 2020-03-27 |y BK | ||